Tribhuvan University Central Library

Finite elements for electrical engineers (Record no. 49975)

MARC details
000 -LEADER
fixed length control field 00695 a2200241 4500
041 ## - LANGUAGE CODE
Language code of text/sound track or separate title Eng
082 ## - DEWEY DECIMAL CLASSIFICATION NUMBER
Classification number 517.383
Item number Si39f
100 ## - MAIN ENTRY--PERSONAL NAME
Personal name Silvester, P. P.
9 (RLIN) 7730
100 ## - MAIN ENTRY--PERSONAL NAME
Personal name Ferrari, R. L.
9 (RLIN) 7731
245 ## - TITLE STATEMENT
Title Finite elements for electrical engineers
260 ## - PUBLICATION, DISTRIBUTION, ETC.
Place of publication, distribution, etc. Cambridge :
Name of publisher, distributor, etc. Univ. Press,
Date of publication, distribution, etc. c1983.
300 ## - PHYSICAL DESCRIPTION
Extent vii, 209p. ; figs., tables.
504 ## - BIBLIOGRAPHY, ETC. NOTE
Bibliography, etc. note Bibliography at the end of each chapter
650 ## - SUBJECT ADDED ENTRY--TOPICAL TERM
Topical term or geographic name entry element Equations
9 (RLIN) 605
650 ## - SUBJECT ADDED ENTRY--TOPICAL TERM
Topical term or geographic name entry element Dimensions
9 (RLIN) 6733
650 ## - SUBJECT ADDED ENTRY--TOPICAL TERM
Topical term or geographic name entry element Elements
9 (RLIN) 7682
650 ## - SUBJECT ADDED ENTRY--TOPICAL TERM
Topical term or geographic name entry element Finite element methods
9 (RLIN) 7732
650 ## - SUBJECT ADDED ENTRY--TOPICAL TERM
Topical term or geographic name entry element Integral equations
9 (RLIN) 7733
650 ## - SUBJECT ADDED ENTRY--TOPICAL TERM
Topical term or geographic name entry element Electromagnetics waves
9 (RLIN) 7734
653 ## - INDEX TERM--UNCONTROLLED
Uncontrolled term Mathematics
942 ## - ADDED ENTRY ELEMENTS (KOHA)
Source of classification or shelving scheme Dewey Decimal Classification
Koha item type General Collections
518 ## - DATE/TIME AND PLACE OF AN EVENT NOTE
-- 2067-9-18
Holdings
Withdrawn status Lost status Source of classification or shelving scheme Damaged status Not for loan Home library Current library Date acquired Total Checkouts Full call number Barcode Date last seen Price effective from Koha item type
    Dewey Decimal Classification     Tribhuvan University Central Library Tribhuvan University Central Library 01/02/2011   517.383 Si39f G33316 01/02/2011 01/02/2011 General Collections